The Prophet (Record no. 38119)
[ view plain ]
| 000 -LEADER | |
|---|---|
| fixed length control field | 00932nam a22001937a 4500 |
| 020 ## - INTERNATIONAL STANDARD BOOK NUMBER | |
| ISBN | 9788171305346 |
| 082 ## - DEWEY DECIMAL CLASSIFICATION NUMBER | |
| Classification number | 823 KAH |
| 100 ## - MAIN ENTRY--AUTHOR NAME | |
| Personal name | Kahlil Gibran |
| 245 ## - TITLE STATEMENT | |
| Title | The Prophet |
| 250 ## - EDITION STATEMENT | |
| Edition statement | 1 |
| 260 ## - PUBLICATION, DISTRIBUTION, ETC. (IMPRINT) | |
| Name of publisher | DC Books |
| Place of publication | Kottayam |
| Year of publication | 2016 |
| 300 ## - PHYSICAL DESCRIPTION | |
| Number of Pages | Number of pages : 110 |
| 500 ## - GENERAL NOTE | |
| General note | Category : Poetry |
| 520 ## - SUMMARY, ETC. | |
| Summary, etc | Kahlil Gibranโs literary and artistic works are highly romantic in outlook and influenced by the Bible, Nietzsche and William Blake. His writings, which deal with such themes as love, death, nature and a longing for the homeland, are full of lyrical outpourings and are expressive of Gibranโs deeply religious and mystic nature. The Prophet, his most famous work, written in the best Sufi tradition, reminiscent of the psalms and hymns of the Bible, is the self-manifestation of this prophetic vision. |
| 546 ## - LANGUAGE NOTE | |
| Language note | Language : English |
| 650 ## - SUBJECT ADDED ENTRY--TOPICAL TERM | |
| Topical Term | GEN |
| 942 ## - ADDED ENTRY ELEMENTS (KOHA) | |
| Koha item type | Text Book |
| 952 ## - LOCATION AND ITEM INFORMATION (KOHA) | |
| Damaged status | |
| Not for loan | |
| Withdrawn status | Collection code | Permanent Location | Current Location | Date acquired | Source of acquisition | Cost, normal purchase price | Inventory number | Full call number | Accession Number | Price effective from | Koha item type |
|---|---|---|---|---|---|---|---|---|---|---|---|
| GENERAL | VAST Central Library | VAST Central Library | 25/11/2025 | DC Bookshop,Thrissur | 125.00 | 000729 | 823 KAH | 38265 | 18/12/2025 | Text Book |